000 01478cas a2200445 a 4500
001 11442129
005 20180208093827.0
007 cj uau
008 920513d19932000ctuar f 0 a0eng c
010 _a 94655108
_zsn 92002600
016 7 _a9315327
_2DNLM
016 7 _aSR0077487
_2DNLM
022 0 _a1062-9092
_21
035 _a(OCoLC)ocm25805753
037 _bAppleton & Lange, 25 Van Zant St., East Norwalk, CT 06855
040 _aNSDP
_beng
_cNSDP
_dDNLM
_dDLC
_dMiU
_dOCoLC
_dNBuU-H
_dDLC
_dDNLM
_dInU
_dOCoLC
_dOCLCF
_dOCLCO
_dOCoLC
041 _aeng
042 _ansdp
_apcc
060 0 0 _aQV 39
_bN9732
080 _a615.1 AMY
082 0 0 _a615.1 AMY
_220
100 _a2
101 _aNUR
210 0 _aNurses' drug guide
222 0 _aNurses' drug guide
245 0 0 _aNurses' drug guide.
246 3 0 _aGovoni and Hayes nurses' drug guide
246 3 0 _aGovoni and Hayes, Wilson and Shannon nurses' drug guide
246 1 4 _aGovoni & Hayes nurses' drug guide
246 1 8 _aGovoni & Hayes, Wilson & Shannon nurses' drug guide
310 _aAnnual
362 0 _a1993-2000.
590 _aSERBIB/SERLOC merged record
776 0 8 _iOnline version:
_tNurses' drug guide
_w(OCoLC)605309919
776 0 8 _iOnline version:
_tNurses' drug guide
_w(OCoLC)608436615
785 0 0 _tPrentice Hall nursing drug guide
_w(DLC) 2001205504
_w(OCoLC)44872977
906 _a7
_bcbc
_cserials
_du
_encip
_f19
_gn-oclcserc
942 _2ddc
_cBK
999 _c42188
_d42188